| 000 | 01030nam a2200229 a 4500 | ||
|---|---|---|---|
| 008 | 120416s1972 ||||||||||||||||| || u | ||
| 020 | _a0435901125 | ||
| 050 | _aDT 8800 Vam | ||
| 100 | _aVambe, Lawrence, 1917- | ||
| 245 | 1 | 3 | _aAn ill-fated people Zembabwe before and after Rhodes. |
| 260 |
_aLondon _bHeinemann _c1972 |
||
| 300 | _axv, 254 pages : illustrations | ||
| 350 | _a0.00 | ||
| 490 | _aAfrican writers series, 112 | ||
| 650 | _aZIMBABWE--HISTORY--1890-1965 | ||
| 650 | _aShona (African people) | ||
| 650 | _aZIMBABWE | ||
| 650 | _aCHRISTIANITY--ZIMBABWE | ||
| 995 |
_aBINDERY (DAMAGED) _D0.00 _e717683 _FCBU-MAIN LIBRARY (Kitwe) _H3 _I3.00 _jDT 8800 Vam _M1 _UDAMAGED _y001695 _ZMain Library Open Access Collection |
||
| 995 |
_aBINDERY (DAMAGED) _D0.00 _e717682 _FCBU-MAIN LIBRARY (Kitwe) _H2 _I3.00 _jDT 8800 Vam _M3 _UDAMAGED _y001696 _ZMain Library Open Access Collection |
||
| 995 |
_aBINDERY (DAMAGED) _D0.00 _e717684 _FCBU-MAIN LIBRARY (Kitwe) _H1 _I3.00 _jDT 8800 Vam _M2 _UDAMAGED _y001694 _ZMain Library Open Access Collection |
||
| 999 |
_c76395 _d76395 |
||